[Event "IX Open Primavera"]
[Site "Robecchetto con Induno ITA"]
[Date "2012.05.10"]
[Round "5"]
[White "Crestani, Sandro"]
[Black "Macchiettini, Pierangelo"]
[Result "1/2-1/2"]
[WhiteElo "1670"]
[BlackElo "1701"]
[PlyCount "34"]
[EventDate "2012.04.12"]

1. c4 e5 2. Nc3 Nf6 3. g3 Be7 4. Bg2 O-O 5. Nf3 d6 6. e3 Re8 7. Qc2 c6 8. a4 h6
9. b4 d5 10. cxd5 Nxd5 11. Nxd5 Qxd5 12. Ba3 Na6 13. Qb2 Bd7 14. O-O Qe6 15.
Nxe5 Bf6 16. d4 Bxe5 17. dxe5 Qxe5 1/2-1/2

[Event "IX Open Primavera"]
[Site "Robecchetto con Induno ITA"]
[Date "2012.05.10"]
[Round "5"]
[White "Libutti, Michele"]
[Black "Santarelli, Sabatino"]
[Result "1-0"]
[WhiteElo "1752"]
[BlackElo "1614"]
[PlyCount "79"]
[EventDate "2012.04.12"]

1. d4 Nf6 2. c4 c5 3. d5 d6 4. Nc3 g6 5. e4 Bg7 6. Nf3 O-O 7. h3 Nbd7 8. Bd3
Ne8 9. O-O Ne5 10. Nxe5 Bxe5 11. Bh6 Ng7 12. Qd2 f5 13. f3 Rf7 14. Ne2 Nh5 15.
exf5 Bxf5 16. Bxf5 gxf5 17. Qg5+ Ng7 18. Bxg7 Bxg7 19. Nf4 h6 20. Qg6 Rf6 21.
Qg3 Qe8 22. Rfe1 Qf7 23. Re2 Re8 24. Rae1 Kh7 25. b3 Bh8 26. Qh4 Bg7 27. Kh1 b6
28. Nh5 a6 29. Nxf6+ Bxf6 30. Qf2 Bc3 31. Rc1 Bd4 32. Qe1 a5 33. Re6 Bf6 34.
Rc2 Qg7 35. Rce2 Qf7 36. Rxd6 exd6 37. Rxe8 Qg7 38. Qe6 Qg6 39. Rf8 Bg7 40.
Qg8# 1-0

[Event "IX Open Primavera"]
[Site "Robecchetto con Induno ITA"]
[Date "2012.05.10"]
[Round "5"]
[White "Marchesotti, Giovanni"]
[Black "Madaschi, Sergio"]
[Result "1/2-1/2"]
[WhiteElo "1572"]
[BlackElo "1569"]
[PlyCount "77"]
[EventDate "2012.04.12"]

1. c4 e5 2. Nc3 Nc6 3. Nf3 Nf6 4. g3 g6 5. Bg2 Bg7 6. O-O O-O 7. d3 d6 8. Bg5
h6 9. Bd2 Rb8 10. Qc1 Kh7 11. Rb1 Be6 12. h3 Qd7 13. b4 Bxh3 14. b5 Ne7 15. Be3
b6 16. Ne4 Nxe4 17. dxe4 Bxg2 18. Kxg2 Ng8 19. Qd2 Qe7 20. Rh1 f6 21. Rh2 g5
22. Rbh1 Kg6 23. Qc2 Qe6 24. Nd2 f5 25. f3 f4 26. Bf2 fxg3 27. Bxg3 Nf6 28. Nf1
Rh8 29. Ne3 Ng8 30. Nf5 Bf8 31. Bf2 Ne7 32. Ng3 Kf7 33. Be3 Qg6 34. Kf2 Bg7 35.
Nh5 Bf8 36. Qc1 Bg7 37. Rg2 Bf6 38. Qg1 Rbg8 39. Rh3 1/2-1/2

[Event "IX Open Primavera"]
[Site "Robecchetto con Induno ITA"]
[Date "2012.05.10"]
[Round "5"]
[White "Merlotti, Marco"]
[Black "Trenti, Alessandro"]
[Result "1/2-1/2"]
[WhiteElo "1734"]
[BlackElo "1780"]
[PlyCount "90"]
[EventDate "2012.04.12"]

1. d4 d5 2. c4 c6 3. Nc3 Nf6 4. e3 Qc7 5. Nf3 Bf5 6. b3 e6 7. Bd3 Bb4 8. Qc2
Ne4 9. Bd2 Nxd2 10. Qxd2 Qa5 11. Rc1 Bxd3 12. Qxd3 Qxa2 13. Nd2 Qa5 14. O-O O-O
15. Ra1 Qc7 16. Rfc1 Nd7 17. cxd5 Bxc3 18. Qxc3 exd5 19. b4 a6 20. Nb3 Rfc8 21.
Na5 Qb6 22. Nb3 Rc7 23. Nc5 Nxc5 24. bxc5 Qa7 25. Rcb1 Rb8 26. Qa5 Rbc8 27. Rb6
f5 28. g3 Rf7 29. Rab1 Rcc7 30. Kg2 g5 31. Qd2 h6 32. Qd1 Qa8 33. Qh5 Qf8 34.
Qg6+ Qg7 35. Qd6 Kh7 36. Kf1 Rcd7 37. Qb8 Rf8 38. Qa7 Rff7 39. Qb8 Kg6 40. Ke2
Rfe7 41. Rg1 Qf6 42. h4 g4 43. Qg8+ Rg7 44. Qe8+ Rgf7 45. Rgb1 Qe7 1/2-1/2

[Event "IX Open Primavera"]
[Site "Robecchetto con Induno ITA"]
[Date "2012.05.10"]
[Round "5"]
[White "Ragoso, Mario"]
[Black "Angalone, Ruggero"]
[Result "1-0"]
[WhiteElo "1646"]
[BlackElo "1566"]
[PlyCount "41"]
[EventDate "2012.04.12"]

1. e4 g6 2. d4 Bg7 3. Nf3 d6 4. Nc3 a6 5. Be2 b5 6. a3 Nd7 7. Be3 Bb7 8. O-O c5
9. Rb1 cxd4 10. Bxd4 Ngf6 11. Bd3 O-O 12. b4 Rc8 13. Qd2 Nb6 14. Rfe1 Nc4 15.
Bxc4 Rxc4 16. Nd5 Nxe4 17. Rxe4 Bxd5 18. Bxg7 Bxe4 19. Bxf8 Rxc2 20. Qd4 Kxf8
21. Qh8# 1-0

[Event "IX Open Primavera"]
[Site "Robecchetto con Induno ITA"]
[Date "2012.05.10"]
[Round "5"]
[White "Sartorio, Alessandro"]
[Black "Minore, Antonino"]
[Result "1-0"]
[WhiteElo "1233"]
[BlackElo "1335"]
[PlyCount "51"]
[EventDate "2012.04.12"]

1. e4 e6 2. Nf3 d5 3. e5 c5 4. d4 Nc6 5. Bb5 Bd7 6. O-O Be7 7. Be3 a6 8. Bxc6
Bxc6 9. dxc5 Qa5 10. Nbd2 Bxc5 11. Nb3 Qc7 12. Bxc5 b6 13. Bd6 Qd8 14. Nbd4 Bd7
15. Qd3 h6 16. Qc3 Rc8 17. Qd3 b5 18. b3 h5 19. Rac1 Nh6 20. c4 Nf5 21. Nxf5
exf5 22. cxd5 b4 23. Nd4 f4 24. e6 Bb5 25. Nxb5 f6 26. Qg6# 1-0

[Event "IX Open Primavera"]
[Site "Robecchetto con Induno ITA"]
[Date "2012.05.10"]
[Round "5"]
[White "Testa, Loris"]
[Black "Novi', Giuseppe"]
[Result "1-0"]
[WhiteElo "1887"]
[BlackElo "1810"]
[PlyCount "95"]
[EventDate "2012.04.12"]

1. e4 c6 2. d4 d5 3. e5 Bf5 4. Nc3 e6 5. g4 Bg6 6. Nge2 c5 7. h4 h6 8. Nf4 Bh7
9. Bd3 Bxd3 10. Qxd3 cxd4 11. Qxd4 Nc6 12. Qa4 Qc7 13. Nd3 a6 14. f4 Qa5 15.
Bd2 Qxa4 16. Nxa4 Nd4 17. O-O-O Rc8 18. Nc3 Ne7 19. Be3 Nec6 20. Rhf1 Be7 21.
f5 Bxh4 22. Nf4 Nb5 23. Nxb5 axb5 24. fxe6 O-O 25. exf7+ Rxf7 26. e6 Re7 27.
Rxd5 Bg5 28. Rxb5 Bxf4 29. Bxf4 Nd4 30. Rb6 Rxc2+ 31. Kd1 Rc6 32. Rxc6 bxc6 33.
Re1 Nxe6 34. Bd6 Re8 35. b4 Kf7 36. Kc1 Rd8 37. Be5 Rd5 38. a4 Nd4 39. a5 Nf3
40. Rf1 Ke6 41. Rxf3 Rxe5 42. a6 Re1+ 43. Kb2 Re2+ 44. Kb3 Rd2 45. Rf8 Rd7 46.
Ka4 Ke7 47. Rg8 Kf7 48. Rc8 1-0

[Event "IX Open Primavera"]
[Site "Robecchetto con Induno ITA"]
[Date "2012.05.10"]
[Round "5"]
[White "Torretta, Gilberto"]
[Black "Vada, Riccardo"]
[Result "1/2-1/2"]
[WhiteElo "1676"]
[BlackElo "1440"]
[PlyCount "33"]
[EventDate "2012.04.12"]

1. e4 e5 2. Nf3 Nc6 3. Bb5 a6 4. Ba4 Bc5 5. c3 Nf6 6. d3 d6 7. h3 O-O 8. O-O h6
9. Be3 Bxe3 10. fxe3 Bd7 11. Nbd2 Re8 12. Bb3 Na5 13. Bc2 b6 14. b4 Nb7 15. Bb3
Be6 16. Ba4 Bd7 17. Bb3 1/2-1/2

[Event "IX Open Primavera"]
[Site "Robecchetto con Induno ITA"]
[Date "2012.05.17"]
[Round "6"]
[White "Frignani, Alessandro"]
[Black "Marchesotti, Giovanni"]
[Result "0-1"]
[WhiteElo "1292"]
[BlackElo "1572"]
[PlyCount "116"]
[EventDate "2012.04.12"]

1. e4 c5 2. Nf3 e6 3. c4 d6 4. d4 Be7 5. d5 exd5 6. cxd5 Bg4 7. Qb3 Qc7 8. Bb5+
Bd7 9. h3 Bxb5 10. Qxb5+ Nd7 11. Nc3 a6 12. Qe2 Ngf6 13. Bf4 b5 14. b3 O-O 15.
O-O Rfe8 16. Rfe1 Bf8 17. Nd2 b4 18. Na4 Nxd5 19. Qf3 Nxf4 20. Qxf4 Ne5 21. Qe3
Nc6 22. f3 Be7 23. Qf2 Bf6 24. Rac1 Bd4 25. Re3 Bxe3 26. Qxe3 Ne5 27. Nc4 Nxc4
28. Rxc4 Re7 29. Nb2 Rae8 30. Qd3 Qc6 31. Qc2 a5 32. Nd3 Ra7 33. Kf2 Qd7 34.
Nf4 a4 35. Nd5 axb3 36. Qxb3 Qa4 37. Qxa4 Rxa4 38. Rc2 Rea8 39. Nb6 Rxa2 40.
Rxa2 Rxa2+ 41. Ke3 Rxg2 42. Nc8 b3 43. Nxd6 b2 44. Nb7 b1=Q 45. Nxc5 Qc1+ 46.
Kd4 Rd2+ 47. Nd3 Rxd3+ 48. Kxd3 Qh1 49. Ke3 Qxh3 50. Ke2 Qg3 51. Ke3 h5 52. e5
h4 53. Ke4 h3 54. f4 Qxf4+ 55. Kxf4 h2 56. Kf5 h1=Q 57. e6 fxe6+ 58. Kxe6 g5
0-1

[Event "IX Open Primavera"]
[Site "Robecchetto con Induno ITA"]
[Date "2012.05.17"]
[Round "6"]
[White "Koureas, Panicos"]
[Black "Libutti, Michele"]
[Result "0-1"]
[WhiteElo "1393"]
[BlackElo "1752"]
[PlyCount "122"]
[EventDate "2012.04.12"]

1. e4 c6 2. d4 d5 3. exd5 cxd5 4. Bd3 Nc6 5. c3 Nf6 6. Bf4 e6 7. Nf3 Bd6 8.
Bxd6 Qxd6 9. O-O O-O 10. Re1 a6 11. Nbd2 b5 12. Ne5 b4 13. Nxc6 Qxc6 14. cxb4
Qb6 15. Nf3 Qxb4 16. Qb3 Qxb3 17. axb3 Rb8 18. Ra3 Rb4 19. Re3 Ng4 20. Re1 Bb7
21. Rc1 g6 22. h3 Nf6 23. Rc7 Ne8 24. Rc3 Nd6 25. Bxa6 Bxa6 26. Rxa6 Nb5 27.
Rd3 Rc8 28. Ra4 Rxa4 29. bxa4 Rc1+ 30. Kh2 Nd6 31. b3 Ne4 32. b4 Rb1 33. Nd2
Nxd2 34. Rxd2 Rxb4 35. Ra2 Rb6 36. f4 Kf8 37. Kg3 Ke7 38. a5 Ra6 39. Kf3 Kd6
40. h4 f6 41. g4 e5 42. Ke3 e4 43. f5 gxf5 44. g5 fxg5 45. hxg5 Ke7 46. Kf4 Ke6
47. Rh2 Rxa5 48. Rxh7 Ra3 49. Rh6+ Kf7 50. Rf6+ Kg7 51. Rxf5 Rf3+ 52. Ke5 Rxf5+
53. Kxf5 e3 54. Ke5 e2 55. Kxd5 e1=Q 56. Kd6 Qg3+ 57. Kc6 Qxg5 58. d5 Qd8 59.
d6 Kf6 60. Kd5 Qd7 61. Kc5 Ke6 0-1

[Event "IX Open Primavera"]
[Site "Robecchetto con Induno ITA"]
[Date "2012.05.17"]
[Round "6"]
[White "Macchiettini, Pierangelo"]
[Black "Moroni, Luca"]
[Result "1/2-1/2"]
[WhiteElo "1701"]
[BlackElo "1801"]
[PlyCount "38"]
[EventDate "2012.04.12"]

1. d4 c5 2. d5 d6 3. c4 Nf6 4. Nc3 g6 5. e4 Bg7 6. Nf3 O-O 7. Be2 Bg4 8. O-O
Nbd7 9. Nd2 Bxe2 10. Qxe2 a6 11. f4 Qc7 12. Nf3 Rab8 13. a4 h6 14. Rb1 Rbe8 15.
Qd3 Nh5 16. Bd2 Rb8 17. Kh1 Qc8 18. Rbe1 Qc7 19. Rb1 Qc8 1/2-1/2

[Event "IX Open Primavera"]
[Site "Robecchetto con Induno ITA"]
[Date "2012.05.17"]
[Round "6"]
[White "Madaschi, Sergio"]
[Black "Colombo, Angelo D."]
[Result "0-1"]
[WhiteElo "1569"]
[BlackElo "1473"]
[PlyCount "126"]
[EventDate "2012.04.12"]

1. d4 d5 2. c4 Nf6 3. Nf3 Bf5 4. Bf4 e6 5. Nc3 Be7 6. e3 O-O 7. Bd3 Bg4 8. h3
Bh5 9. O-O Nbd7 10. Rc1 c6 11. e4 dxc4 12. Bxc4 b5 13. Bd3 b4 14. Na4 Bxf3 15.
Qxf3 Qa5 16. b3 Rfc8 17. Qe2 e5 18. Be3 exd4 19. Bxd4 c5 20. Ba1 Nf8 21. e5
N6d7 22. Bc4 Nb6 23. e6 f6 24. Nxb6 Qxb6 25. Rcd1 Rc7 26. Rfe1 Kh8 27. Qf3 Rb8
28. Qg4 Re8 29. Qh5 Rcc8 30. Rd3 Rcd8 31. Qf7 Ng6 32. Rd7 Rf8 33. Rxd8 Qxd8 34.
h4 Rxf7 35. exf7 Nxh4 36. Kf1 Nf5 37. Be6 Nh6 38. Bc4 Qf8 39. Bb2 Nxf7 40. Bc1
Ne5 41. Be2 g5 42. Bb2 Bd6 43. g3 Kg7 44. Kg2 Qa8+ 45. f3 g4 46. Bxe5 Bxe5 47.
Kf2 gxf3 48. Bxf3 Qb8 49. Kg2 Qd6 50. Rd1 Bd4 51. Rd3 Qe5 52. Rd1 Qe3 53. Rf1
Qd2+ 54. Kh3 Qxa2 55. Bd5 a5 56. Rf4 h5 57. Rf3 a4 58. g4 hxg4+ 59. Kxg4 Qe2
60. bxa4 c4 61. a5 c3 62. a6 c2 63. a7 Bxa7 0-1

[Event "IX Open Primavera"]
[Site "Robecchetto con Induno ITA"]
[Date "2012.05.17"]
[Round "6"]
[White "Melino, Gianluca"]
[Black "Merlotti, Marco"]
[Result "1/2-1/2"]
[WhiteElo "1731"]
[BlackElo "1734"]
[PlyCount "59"]
[EventDate "2012.04.12"]

1. g3 Nf6 2. Bg2 d5 3. d3 e6 4. Nf3 c5 5. O-O Nc6 6. Nbd2 Be7 7. e4 b6 8. Re1
Bb7 9. exd5 Nxd5 10. Ne4 Nf6 11. Nc3 O-O 12. b3 Nb4 13. a3 Nbd5 14. Bb2 Nxc3
15. Bxc3 Nd5 16. Bb2 Bf6 17. Ne5 Qc7 18. c4 Ne7 19. Qe2 Bxg2 20. Kxg2 Nc6 21.
Nf3 Bxb2 22. Qxb2 Rad8 23. Rad1 Nd4 24. Nxd4 Rxd4 25. Qe2 Qc6+ 26. Qf3 Qxf3+
27. Kxf3 Rfd8 28. Re3 Kf8 29. Ke2 Ke7 30. f4 1/2-1/2

[Event "IX Open Primavera"]
[Site "Robecchetto con Induno ITA"]
[Date "2012.05.17"]
[Round "6"]
[White "Novi', Giuseppe"]
[Black "Barrera, Pietro"]
[Result "1-0"]
[WhiteElo "1810"]
[BlackElo "1881"]
[PlyCount "83"]
[EventDate "2012.04.12"]

1. e4 g6 2. d4 Bg7 3. Nf3 d6 4. h3 Nd7 5. Bc4 e6 6. O-O Ne7 7. Bg5 h6 8. Be3 g5
9. Nbd2 Ng6 10. c3 Nf6 11. Re1 e5 12. Qc2 Qe7 13. Nf1 Nh5 14. Ng3 Nxg3 15. fxg3
g4 16. hxg4 Bxg4 17. a4 h5 18. Ng5 f6 19. Bf7+ Kd8 20. Bxg6 fxg5 21. Qd2 exd4
22. cxd4 Kc8 23. Bxg5 Bf6 24. Bf4 Qg7 25. Bf5+ Bxf5 26. exf5 Bxd4+ 27. Kf1 Bxb2
28. Rab1 Bc3 29. Qd5 Bxe1 30. Qxb7+ Kd7 31. Rxe1 Rab8 32. Qd5 Rhe8 33. Rc1 Kd8
34. Bxd6 cxd6 35. Qxd6+ Qd7 36. Qxb8+ Ke7 37. Re1+ Kf7 38. Qxe8+ Qxe8 39. Rxe8
Kxe8 40. Kf2 Kf7 41. Kf3 Kf6 42. Kf4 1-0

[Event "IX Open Primavera"]
[Site "Robecchetto con Induno ITA"]
[Date "2012.05.17"]
[Round "6"]
[White "Ongaro, Andrea"]
[Black "Colombo, Maurizio"]
[Result "0-1"]
[WhiteElo "1555"]
[BlackElo "1745"]
[PlyCount "96"]
[EventDate "2012.04.12"]

1. e4 c5 2. Nc3 Nc6 3. f4 g6 4. Nf3 Bg7 5. Bb5 Nd4 6. O-O Nxb5 7. Nxb5 Nf6 8.
d3 O-O 9. a4 d6 10. Nc3 b6 11. Bd2 Bb7 12. Qe1 e6 13. e5 dxe5 14. fxe5 Nd7 15.
Bg5 Qb8 16. Be7 Nxe5 17. Ne4 Nxf3+ 18. Rxf3 Re8 19. Nf6+ Bxf6 20. Bxf6 Bxf3 21.
Qe3 Qd6 22. Qxf3 Rac8 23. Re1 e5 24. Rf1 Rc7 25. Qh3 Re6 26. Bh4 f5 27. Qf3 Qc6
28. Qe2 Qxa4 29. Bg3 Qd4+ 30. Bf2 Qd5 31. Ra1 a5 32. c3 Rd7 33. d4 exd4 34. Qa6
dxc3 35. bxc3 Kf7 36. h4 Qb3 37. Qc8 Rd1+ 38. Rxd1 Qxd1+ 39. Kh2 Qd6+ 40. Kg1
Re8 41. Qb7+ Re7 42. Qc8 Re2 43. Qb7+ Kf6 44. Qf3 Rd2 45. Bg3 Qd5 46. Qf1 Rd1
47. Be1 Qe4 48. Kf2 Rxe1 0-1

[Event "IX Open Primavera"]
[Site "Robecchetto con Induno ITA"]
[Date "2012.05.17"]
[Round "6"]
[White "Redamante, Marzio"]
[Black "Torretta, Gilberto"]
[Result "0-1"]
[WhiteElo "1462"]
[BlackElo "1676"]
[PlyCount "152"]
[EventDate "2012.04.12"]

1. d4 Nf6 2. c4 g6 3. Nc3 c5 4. e3 Bg7 5. Nf3 O-O 6. Bd3 Na6 7. dxc5 Nxc5 8.
Bc2 d6 9. O-O Bg4 10. h3 Be6 11. b3 Nfe4 12. Nxe4 Bxa1 13. Nxc5 dxc5 14. Qxd8
Rfxd8 15. Ba3 Bg7 16. Bxc5 b5 17. cxb5 Rac8 18. b4 Bxa2 19. Bxe7 Rd7 20. Bc5
Bc4 21. Rc1 Bxb5 22. Bb3 Rdc7 23. Nd4 Be8 24. Ra1 Be5 25. f4 Bf6 26. Rxa7 Rxa7
27. Bxa7 Rc1+ 28. Kf2 Rb1 29. Bc2 Rxb4 30. Kf3 Rb7 31. Bc5 Rc7 32. Bd6 Rc3 33.
Be5 Bd8 34. Be4 Bb6 35. Bd5 Rc1 36. h4 Bxd4 37. Bxd4 Bc6 38. Bxc6 Rxc6 39. g4
f6 40. f5 gxf5 41. gxf5 Kg7 42. e4 Rc4 43. Be3 Rc3 44. h5 Rb3 45. h6+ Kf7 46.
Kf4 Rb1 47. Kf3 Ra1 48. Bd4 Ra6 49. Bc5 Ke8 50. Be3 Kd7 51. Kf4 Kc6 52. Bd4 Kb5
53. Kf3 Kc4 54. Be3 Ra1 55. Ke2 Rh1 56. Kf3 Kd3 57. Bf4 Re1 58. Kg4 Rxe4 59.
Kf3 Kd4 60. Kg4 Re1 61. Kf3 Rf1+ 62. Kg4 Ke4 63. Bd2 Rxf5 64. Be1 Rf1 65. Bh4
f5+ 66. Kg5 f4 67. Kg4 Rh1 68. Bg5 Rg1+ 69. Kh5 Rxg5+ 70. Kxg5 f3 71. Kf6 f2
72. Kg7 f1=Q 73. Kxh7 Qf8 74. Kg6 Qg8+ 75. Kf6 Qh7 76. Kg5 Ke5 0-1

[Event "IX Open Primavera"]
[Site "Robecchetto con Induno ITA"]
[Date "2012.05.17"]
[Round "6"]
[White "Santarelli, Sabatino"]
[Black "Minore, Antonino"]
[Result "1-0"]
[WhiteElo "1614"]
[BlackElo "1335"]
[PlyCount "153"]
[EventDate "2012.04.12"]

1. e4 c5 2. b3 e5 3. Nf3 Nc6 4. Bb2 f6 5. Nc3 Nge7 6. Nb5 d5 7. exd5 Nxd5 8.
Nc3 Nxc3 9. Bxc3 Bg4 10. Be2 Bxf3 11. Bxf3 Qd6 12. Bh5+ g6 13. Bf3 b6 14. O-O
Rd8 15. g3 h5 16. Bg2 h4 17. Qf3 Ne7 18. d3 hxg3 19. fxg3 Kf7 20. Rae1 Rh5 21.
Qe4 Bg7 22. Bf3 Rh7 23. Re2 Rdh8 24. Qb7 a5 25. Bh1 Rh5 26. a4 f5 27. Bf3 R5h6
28. Bd2 R6h7 29. Be4 Ke6 30. Bf3 Bf6 31. Qa6 g5 32. Qc4+ Nd5 33. Bxd5+ Qxd5 34.
Qxd5+ Kxd5 35. Rxf5 Ke6 36. Ref2 Rh6 37. Bxg5 Bxg5 38. Rxg5 Kd5 39. Re2 Re6 40.
Re4 Rf8 41. Kg2 Kd6 42. h4 Rb8 43. Rf5 b5 44. g4 bxa4 45. Rxa4 Ra8 46. g5 Ke7
47. h5 Rf8 48. Rxf8 Kxf8 49. Rxa5 e4 50. dxe4 Rxe4 51. Rxc5 Re2+ 52. Kf3 Re7
53. Rf5+ Kg8 54. h6 Kh7 55. c4 Rd7 56. Rd5 Rf7+ 57. Kg4 Re7 58. Kf5 Rf7+ 59.
Ke4 Re7+ 60. Kd4 Rb7 61. Kc3 Re7 62. b4 Re3+ 63. Kd4 Re7 64. b5 Re1 65. b6 Rb1
66. c5 Rd1+ 67. Ke5 Re1+ 68. Kf6 Re8 69. Rd7+ Kh8 70. g6 Rf8+ 71. Rf7 Rc8 72.
Rc7 Rf8+ 73. Ke6 Re8+ 74. Kd7 Rg8 75. b7 Rb8 76. Rc8+ Rxc8 77. bxc8=Q# 1-0

[Event "IX Open Primavera"]
[Site "Robecchetto con Induno ITA"]
[Date "2012.05.17"]
[Round "6"]
[White "Trenti, Alessandro"]
[Black "Testa, Loris"]
[Result "0-1"]
[WhiteElo "1780"]
[BlackElo "1887"]
[PlyCount "42"]
[EventDate "2012.04.12"]

1. e4 e5 2. Nf3 Nc6 3. Bb5 f5 4. d3 fxe4 5. dxe4 Nf6 6. Bxc6 bxc6 7. Bg5 Bc5 8.
O-O d6 9. Nc3 a5 10. Re1 O-O 11. a3 Qe8 12. Be3 Bxe3 13. Rxe3 Bg4 14. Qd3 Nh5
15. Ne2 Qg6 16. Kh1 Rf6 17. Rf1 Raf8 18. Ng3 Nf4 19. Qc4+ Kh8 20. Nf5 Bxf3 21.
Rg1 Bxg2+ 0-1

[Event "IX Open Primavera"]
[Site "Robecchetto con Induno ITA"]
[Date "2012.05.24"]
[Round "7"]
[White "Barrera, Pietro"]
[Black "Trenti, Alessandro"]
[Result "0-1"]
[WhiteElo "1881"]
[BlackElo "1780"]
[PlyCount "108"]
[EventDate "2012.04.12"]

1. d4 d5 2. Nf3 c6 3. c3 Bf5 4. Bf4 Nd7 5. e3 Ngf6 6. Nbd2 e6 7. h3 h6 8. Be2
c5 9. Ne5 Nxe5 10. dxe5 Nd7 11. O-O Be7 12. c4 O-O 13. cxd5 exd5 14. Bg4 Bg6
15. Qb3 Nb6 16. Rfd1 Bg5 17. a4 c4 18. Qa2 Bc2 19. Rdc1 Bxa4 20. b3 cxb3 21.
Nxb3 Bd7 22. Nc5 Bxg4 23. hxg4 Qe7 24. Bg3 Rfc8 25. Nb3 Rxc1+ 26. Rxc1 Nc4 27.
Rd1 Qe6 28. Qe2 Rd8 29. Nd4 Qb6 30. f4 Be7 31. f5 a5 32. Qf3 a4 33. e6 a3 34.
Bf4 f6 35. Qh3 Ne5 36. Kf2 a2 37. g5 Bf8 38. Bxe5 fxe5 39. gxh6 gxh6 40. Qg4+
Kh8 41. f6 exd4 42. exd4 Qb2+ 43. Kg3 Bd6+ 44. Kh4 Qf2+ 45. Kh5 Qxf6 46. Qg6
Qf4 47. Qxh6+ Qxh6+ 48. Kxh6 Ra8 49. Ra1 b5 50. Kg6 Kg8 51. g4 b4 52. Kf6 Ra7
53. g5 Be7+ 54. Kf5 b3 0-1

[Event "IX Open Primavera"]
[Site "Robecchetto con Induno ITA"]
[Date "2012.05.24"]
[Round "7"]
[White "Colombo, Angelo D."]
[Black "Sartorio, Alessandro"]
[Result "1-0"]
[WhiteElo "1473"]
[BlackElo "1233"]
[PlyCount "75"]
[EventDate "2012.04.12"]

1. e4 e5 2. Bc4 Nf6 3. Nc3 Bc5 4. Nge2 O-O 5. O-O Nc6 6. a3 d6 7. d3 h6 8. Be3
Nd4 9. Na4 Bg4 10. f3 Nxe2+ 11. Qxe2 Bxe3+ 12. Qxe3 Bd7 13. Nc3 a6 14. f4 b5
15. Ba2 Ng4 16. Qg3 Qb8 17. Nd5 c6 18. Ne7+ Kh8 19. Kh1 g6 20. f5 gxf5 21. exf5
Qe8 22. Qh4 f6 23. Ng6+ Kh7 24. Qxg4 Rg8 25. Bxg8+ Kxg8 26. Qh5 Kh7 27. Rf3 Qf7
28. Rh3 Qg7 29. Rf1 Rg8 30. Qf3 Be8 31. Rg3 Bf7 32. Qxc6 Be8 33. Qxd6 h5 34.
Ne7 Qxg3 35. hxg3 Rxg3 36. Qxf6 a5 37. Qxe5 Bd7 38. Qxg3 1-0

[Event "IX Open Primavera"]
[Site "Robecchetto con Induno ITA"]
[Date "2012.05.24"]
[Round "7"]
[White "Marchesotti, Giovanni"]
[Black "Redamante, Marzio"]
[Result "0-1"]
[WhiteElo "1572"]
[BlackElo "1462"]
[PlyCount "96"]
[EventDate "2012.04.12"]

1. c4 c5 2. Nc3 e6 3. e4 Nc6 4. Nf3 b6 5. d4 cxd4 6. Nxd4 Bb7 7. Nxc6 Bxc6 8.
Be3 Nf6 9. e5 Ne4 10. Nxe4 Bxe4 11. a3 Qc7 12. f3 Bb7 13. Bd4 Be7 14. Be2 O-O
15. O-O Rfd8 16. Qc1 Bc5 17. Qe3 Bxd4 18. Qxd4 d6 19. exd6 Rxd6 20. Qc3 Qc5+
21. Kh1 Rad8 22. b4 Qg5 23. Rfd1 Rd2 24. Rxd2 Rxd2 25. Re1 e5 26. Bf1 e4 27.
Qe3 Qxe3 28. Rxe3 f5 29. Re2 Rd1 30. Kg1 exf3 31. gxf3 Bxf3 32. Re5 Be4 33. Kf2
Rd2+ 34. Be2 Ra2 35. c5 bxc5 36. Rxc5 Rxa3 37. Bc4+ Kf8 38. Rc8+ Ke7 39. Rc7+
Kf6 40. Rf7+ Kg6 41. h4 h5 42. Rc7 Kf6 43. Rf7+ Kg6 44. Rc7 f4 45. Bf7+ Kf6 46.
Bxh5 g6 47. Bg4 Ra2+ 48. Kg1 Rg2+ 0-1

[Event "IX Open Primavera"]
[Site "Robecchetto con Induno ITA"]
[Date "2012.05.24"]
[Round "7"]
[White "Merlotti, Marco"]
[Black "Macchiettini, Pierangelo"]
[Result "1/2-1/2"]
[WhiteElo "1734"]
[BlackElo "1701"]
[PlyCount "30"]
[EventDate "2012.04.12"]

1. d4 d5 2. c4 e6 3. Nc3 Nf6 4. cxd5 exd5 5. Bg5 c6 6. Qc2 Be7 7. e3 Nbd7 8.
Bd3 O-O 9. Nge2 h6 10. Bh4 Re8 11. O-O Nh5 12. Bxe7 Qxe7 13. Rae1 Nhf6 14. Ng3
Nb6 15. f3 Be6 1/2-1/2

[Event "IX Open Primavera"]
[Site "Robecchetto con Induno ITA"]
[Date "2012.05.24"]
[Round "7"]
[White "Moroni, Luca"]
[Black "Novi', Giuseppe"]
[Result "1-0"]
[WhiteElo "1801"]
[BlackElo "1810"]
[PlyCount "59"]
[EventDate "2012.04.12"]

1. Nf3 d5 2. d4 c6 3. Bf4 Nf6 4. e3 Bg4 5. Be2 Nbd7 6. h3 Bh5 7. c3 e6 8. Nbd2
h6 9. Ne5 Bxe2 10. Qxe2 Nxe5 11. Bxe5 Be7 12. e4 dxe4 13. Nxe4 O-O 14. Bxf6
Bxf6 15. O-O g6 16. Qf3 Bg7 17. Rfe1 Qb6 18. Nf6+ Bxf6 19. Qxf6 Qxb2 20. Rab1
Qxc3 21. Rxe6 b6 22. Rxc6 Qd3 23. Rb3 Qd1+ 24. Kh2 Rad8 25. Rd6 Rxd6 26. Qxd6
Re8 27. Re3 Rc8 28. Qf4 Qc1 29. Re8+ Kh7 30. Qxf7# 1-0

[Event "IX Open Primavera"]
[Site "Robecchetto con Induno ITA"]
[Date "2012.05.24"]
[Round "7"]
[White "Ragoso, Mario"]
[Black "Colombo, Maurizio"]
[Result "1-0"]
[WhiteElo "1646"]
[BlackElo "1745"]
[PlyCount "99"]
[EventDate "2012.04.12"]

1. e4 c5 2. Nc3 Nc6 3. g3 g6 4. Bg2 Bg7 5. d3 e6 6. Be3 d6 7. f4 Nge7 8. Nf3
Rb8 9. O-O O-O 10. Ne2 Bxb2 11. Rb1 Bg7 12. h3 b6 13. g4 f5 14. Qe1 Bd7 15. a3
Qc8 16. g5 Qc7 17. h4 Rfe8 18. Qg3 fxe4 19. dxe4 d5 20. Bc1 dxe4 21. Nd2 Nf5
22. Qh3 Ncd4 23. Nxd4 Bxd4+ 24. Kh1 e3 25. Ne4 e2 26. Re1 Bc6 27. Rxe2 Bxe4 28.
Bxe4 Rbd8 29. Bd2 c4 30. Rbe1 Kf7 31. h5 c3 32. Bc1 Qc5 33. Kg2 Ng7 34. hxg6+
hxg6 35. Qh7 Rg8 36. Qxg6+ Kf8 37. Bd3 Qc6+ 38. Qe4 Qxe4+ 39. Rxe4 Bc5 40. Bc4
Kf7 41. Bxe6+ Nxe6 42. Rxe6 Rge8 43. Rxe8 Rxe8 44. Rxe8 Kxe8 45. Kf3 Kf7 46.
Ke4 Ke6 47. a4 a6 48. Be3 Bxe3 49. Kxe3 Kf5 50. Kd4 1-0

[Event "IX Open Primavera"]
[Site "Robecchetto con Induno ITA"]
[Date "2012.05.21"]
[Round "7"]
[White "Santarelli, Sabatino"]
[Black "Frignani, Alessandro"]
[Result "1-0"]
[WhiteElo "1614"]
[BlackElo "1292"]
[PlyCount "41"]
[EventDate "2012.04.12"]

1. g3 e5 2. Bg2 Bc5 3. Nc3 c6 4. Ne4 Qb6 5. Nf3 d5 6. Nxc5 Qxc5 7. Nxe5 f6 8.
Nd3 Qd6 9. O-O Ne7 10. b4 b5 11. Bb2 Bb7 12. Nc5 Qc7 13. Ne6 Qd7 14. Bh3 Kf7
15. Ng5+ fxg5 16. Bxd7 Nxd7 17. f4 gxf4 18. Rxf4+ Kg8 19. e3 Nb6 20. Qg4 Ng6
21. Qe6# 1-0

[Event "IX Open Primavera"]
[Site "Robecchetto con Induno ITA"]
[Date "2012.05.24"]
[Round "7"]
[White "Torretta, Gilberto"]
[Black "Libutti, Michele"]
[Result "1/2-1/2"]
[WhiteElo "1676"]
[BlackElo "1752"]
[PlyCount "59"]
[EventDate "2012.04.12"]

1. e4 c6 2. Nc3 d5 3. Qf3 dxe4 4. Nxe4 Nd7 5. d4 Ngf6 6. Bc4 e6 7. Nh3 Nxe4 8.
Qxe4 Nf6 9. Qe2 Qxd4 10. c3 Qe4 11. Qxe4 Nxe4 12. Bf4 Bd6 13. Be3 O-O 14. f3
Nf6 15. Rd1 Nd5 16. Bf2 b5 17. Bb3 Be7 18. O-O Bb7 19. Rfe1 a5 20. a4 Rfd8 21.
Re2 Nf6 22. Rde1 b4 23. cxb4 Bxb4 24. Rc1 Rac8 25. Bb6 Rd6 26. Bc5 Bxc5+ 27.
Rxc5 Rd3 28. Bc4 Rd1+ 29. Kf2 Rd4 30. Rc2 1/2-1/2